000 00669nam a2200217 i 4500
001 124598
003 ES-MaACL
005 20251002203814.0
007 t|
008 070409s1934 sp ||||1| spa d
080 _a575.1(022)
100 1 _aJust, Günther.
_967345
245 1 3 _aLa herencia biológica /
_cGünther Just ; traducción del alemán por E. Fernández Galiano.
260 _aBarcelona :
_bLabor,
_c[1934]
300 _a190 p. :
_bil. ;
_c17 cm.
490 1 _aColección Labor ;
_v351
700 1 _aFernández Galiano, Emilio,
_d1885-1953
_949799
830 0 0 _aColección Labor
_v351
_9184254
852 _aES-MaACL
_jE-2833
999 _c124598
_d124598